Top 10 Most Northern Countries In The World - Statistics

General Stats
  • This quiz has been taken 264 times
  • The average score is 10 of 10
Answer Stats
Hint Answer % Correct
North America - 1st Canada
100%
Europe - 3rd Norway
100%
Eurasia - 2nd Russia
100%
Europe - 5th Finland
99%
Europe - 6th Sweden
99%
North America - 4th United States of America
99%
Europe - 7th Iceland
96%
Europe - 8th United Kingdom
94%
Europe - 9th Estonia
93%
Europe - 10th Latvia
89%
No matching quizzes found
Score Distribution
Percent of People with Each Score
Percentile by Number Answered
Your Score History
You have not taken this quiz